000 00521nam a2200181Ia 4500
003 GCL
008 140319s9999 xx 000 0 ara d
040 _aGCL /
_cGCL
082 0 4 _a956.904
_bس ج
100 1 _aسلينى منصور
245 1 0 _aجيل الانتفاضة /
_cسلينى منصور
260 _a[S.N] :
_bمؤسسة الدراسات الفلسطينية ،
_c1990
300 _a185 ص
490 _a
650 0 4 _aالقصة الفلسطينية
650 0 4 _aالصهيونية
942 _2ddc
_cBK
999 _c53929
_d53929